Titul je dostupný aj v ... 

MARC
| LEADER | 00000nam a2200000 a 4500 | ||
|---|---|---|---|
| 001 | 000002421 | ||
| 005 | 20050405075831.0 | ||
| 008 | 040519s1990 xo e sloo | ||
| 020 | |a 8070930462 (brož.) | ||
| 040 | |a SVKKK |b slo |c SVKKK |e AACR2 | ||
| 041 | 0 | |a slo | |
| 044 | |a xo |c SK | ||
| 100 | 1 | |a Beethoven, Ludwig van, |d 1770-1827 |4 cmp | |
| 245 | 1 | 0 | |a Romance pre husle a klavír |h [hudobnina] / |c Ludwig van Beethoven |
| 250 | |a [1. vyd.] | ||
| 260 | |a Bratislava : |b Opus, |c 1990 | ||
| 300 | |a 21 s., 1 samostat. príl. | ||
| 655 | 7 | |a hudobniny |2 SVKKKPH | |
| 919 | |a 80-7093-046-2 | ||
| 998 | |a BK | ||
| 090 | |g SCKHL |k Sklad Pribinova 3. posch. |a V.182264 |j 849052 |i 2720962696 |s Povinný výt. | ||